00805nam a2200205 i 4500001000700000003000900007005001700016007000300033008004100036245013100077260004800208300002000256490004700276505005100323650003800374700004400412830004400456852002400500852007500524119593ES-MaACL20250824040306.0t|070214s1946 sp r ||||1| spa d00aPiezas maestras del teatro teológico español / cselección, notas e introducción general de Nicolás González Ruiz. aMadrid : bLa Editorial Católica, c1946. a2 v. ; c20 cm.1 aBiblioteca de autores cristianos ; v17-188 aContiene: 1. Autos sacramentales - 2. Comedias 7aTeatro religioso español2embne1 aGonzález Ruiz, Nicolás, d1897-196710aBiblioteca de autores cristianosv17-184 aES-MaACLjD-5489-904 aES-MaACLjE-11972 z(v. 1) z- Biblioteca Jacinto Martínez Lacalle